<?xml version="1.0" encoding="UTF-8"?><?xml-stylesheet type="text/xsl" href="static/style.xsl"?><OAI-PMH xmlns="http://www.openarchives.org/OAI/2.0/" xmlns:xsi="http://www.w3.org/2001/XMLSchema-instance" xsi:schemaLocation="http://www.openarchives.org/OAI/2.0/ http://www.openarchives.org/OAI/2.0/OAI-PMH.xsd"><responseDate>2026-04-17T05:56:47Z</responseDate><request verb="GetRecord" identifier="oai:www.recercat.cat:10256/27065" metadataPrefix="marc">https://recercat.cat/oai/request</request><GetRecord><record><header><identifier>oai:recercat.cat:10256/27065</identifier><datestamp>2025-07-11T06:31:20Z</datestamp><setSpec>com_2072_452955</setSpec><setSpec>com_2072_2054</setSpec><setSpec>col_2072_453067</setSpec></header><metadata><record xmlns="http://www.loc.gov/MARC21/slim" xmlns:dcterms="http://purl.org/dc/terms/" xmlns:xsi="http://www.w3.org/2001/XMLSchema-instance" xmlns:doc="http://www.lyncode.com/xoai" xsi:schemaLocation="http://www.loc.gov/MARC21/slim http://www.loc.gov/standards/marcxml/schema/MARC21slim.xsd">
   <leader>00925njm 22002777a 4500</leader>
   <datafield ind2=" " ind1=" " tag="042">
      <subfield code="a">dc</subfield>
   </datafield>
   <datafield ind2=" " ind1=" " tag="720">
      <subfield code="a">Bouzas Sabater, Marc</subfield>
      <subfield code="e">author</subfield>
   </datafield>
   <datafield ind2=" " ind1=" " tag="260">
      <subfield code="c">2025-07-03</subfield>
   </datafield>
   <datafield ind2=" " ind1=" " tag="520">
      <subfield code="a">The imitation of coinage in the Late Imperial Roman period is a well-known phenomenon, but it still needs to be studied in order to clarify many aspects of its real impact. This text discusses the very nature of imitative coinage, compiling the theories proposed in this respect. It goes on to present, through archaeological evidence, examples of types of imitation coinage documented in the territorium gerundensis. It also proposes chronologies for these typologies based on the archaeological evidence and explains the possible economic implications that imitative coinage may have had in this historical period</subfield>
   </datafield>
   <datafield ind2=" " ind1=" " tag="520">
      <subfield code="a">La imitación de moneda en época bajo-imperial romana es un fenómeno conocido, pero que necesita aún de estudios que maticen muchos aspectos de la afectación real del mismo. Se discute en este texto la propia naturaleza de que es moneda imitativa, recopilando las teorías propuestas al respecto. Se exponen a continuación, a través de evidencias arqueológicas, ejemplos de tipologías de moneda de imitación documentadas en el territorium gerundensis. Se proponen también cronologías para dichas tipologías a través de la evidencia arqueológica y se explican las posibles implicaciones económicas que la moneda imitativa pudo tener en este periodo histórico</subfield>
   </datafield>
   <datafield ind1="8" ind2=" " tag="024">
      <subfield code="a">http://hdl.handle.net/10256/27065</subfield>
   </datafield>
   <datafield tag="653" ind2=" " ind1=" ">
      <subfield code="a">Monedes romanes</subfield>
   </datafield>
   <datafield tag="653" ind2=" " ind1=" ">
      <subfield code="a">Coins, Roman</subfield>
   </datafield>
   <datafield tag="653" ind2=" " ind1=" ">
      <subfield code="a">Numismàtica romana</subfield>
   </datafield>
   <datafield tag="653" ind2=" " ind1=" ">
      <subfield code="a">Numismatics, Roman</subfield>
   </datafield>
   <datafield ind2="0" ind1="0" tag="245">
      <subfield code="a">El fenómeno de la imitación de moneda en época bajo-imperial: consideraciones generales y tipologías a partir del ejemplo del territorium gerundesis</subfield>
   </datafield>
</record></metadata></record></GetRecord></OAI-PMH>